| 000 | 00521cam a2200205ua 4500 | ||
|---|---|---|---|
| 001 | 2670 | ||
| 005 | 20260515113540.0 | ||
| 008 | 110909n ii |||gr||||Z||||||asm | ||
| 040 | _cMAIN | ||
| 082 | _a410 | ||
| 100 |
_aGoswami, Upendranath, _eAuthor. |
||
| 245 | 1 | 1 |
_aAsamiya lipi _cby Upendranath Goswami |
| 250 | _a3rd. | ||
| 260 |
_aGuahati: _bSecretary publication board assam,998. |
||
| 300 |
_a82p: _c23cm. |
||
| 653 | _aAssamese Language | ||
| 653 | _aAssamese language | ||
| 653 | _aAsamiya lipi | ||
| 942 | _cBK | ||
| 999 |
_c2519 _d2519 |
||